|
|
|
|
| LEADER |
00000cam a2200000 a 4500 |
| 001 |
vtls010651279 |
| 003 |
SK-MaSNL |
| 005 |
20260301045411.0 |
| 008 |
250312s1970 xo a e n 000 0 slo |
| 015 |
|
|
|a SNBA1971
|
| 035 |
|
|
|a E106455F-4366-4584-9D6E-8485837C9BAD
|
| 035 |
|
|
|a urn:nbn:sk:snk-amkd6k
|
| 035 |
|
|
|a urn:nbn:sk:snk-am008c9z
|
| 040 |
|
|
|a SNK
|b slo
|c SNK
|e AACR2
|
| 041 |
0 |
|
|a slo
|b eng
|b rus
|
| 044 |
|
|
|a xo
|c SK
|
| 080 |
|
|
|a 681.142-83:519:330.6
|2 1981
|
| 100 |
1 |
|
|a Lampert, Miloš
|4 aut
|9 347601
|
| 245 |
1 |
0 |
|a Metódy simulácií
|c vedúci úlohy: Miloš Lampert, spoluriešitelia: M. Valášek, P. Matuška
|
| 260 |
|
|
|a Bratislava
|b Výskumné výpočtové stredisko
|b Program OSN
|c 1970
|
| 300 |
|
|
|a 70, [1] s., [4] príl.
|b grafy
|c 4°
|
| 366 |
|
|
|e 200 výt.
|
| 490 |
1 |
|
|a Výskumné práce ;
|v Č. 7
|
| 504 |
|
|
|a Bibliogr.
|
| 546 |
|
|
|a Res. angl. a rus.
|
| 650 |
0 |
7 |
|a počítačová simulácia
|2 SNKPH
|9 1866
|
| 650 |
0 |
7 |
|a Simula
|2 SNKPH
|9 80361
|
| 650 |
0 |
7 |
|a programovanie
|2 SNKPH
|9 22041
|
| 655 |
|
7 |
|a výskumné správy
|2 SNKPH
|9 70491
|
| 700 |
1 |
|
|a Valášek, M.
|4 clb
|9 353396
|
| 700 |
1 |
|
|a Matuška, P.
|4 clb
|9 353397
|
| 830 |
|
0 |
|a Výskumné práce
|9 276904
|
| 852 |
|
|
|a Slovenská národná knižnica
|
| 958 |
|
|
|a OND
|
| 958 |
|
|
|a NB
|
| 999 |
|
|
|c 598245
|d 600175
|
| 952 |
|
|
|a SNK
|b SNK
|y PREZ
|7 0
|p 17A0890813
|o snkSB 17416
|i snkKSP 6644/71
|0 0
|1 0
|4 0
|d 2015-02-02
|f 1
|l 0
|r 2025-03-18 00:00:00
|w 2026-02-23
|
| 952 |
|
|
|a SNK
|b SNK
|y VYP
|7 0
|o snkSB 17416 D1
|i snkKSP 6645/71
|0 0
|1 0
|4 0
|d 2015-02-02
|l 0
|r 2026-02-23 15:45:56
|w 2026-02-23
|